Čo sú oblaky? úplne prvé otázky a odpovede

Bibliographic Details
Main Author: Daynes, Katie (Author)
Other Authors: Álvarez, Marta, 1976- (Illustrator), Gendová, Martina (Translator)
Format: Book
Language:Slovak
English
PhysicalDescription:12 nečíslovaných strán farebné ilustrácie 20 cm
Published: Bratislava Svojtka & Co., s.r.o. 2022
ISBN:9788056710760
Edition:Prvé slovenské vydanie
Series:Kuk pod okienko
Subjects:

MARC

LEADER 00000nam a2200000 4500
001 vtls012229754
003 SK-MaSNL
005 20260301121758.0
008 230517s2022 xo a a 000 u slo
015 |a SNBA2023/05 
020 |a 9788056710760  |q (viazané) 
040 |a SNK  |b slo  |c SNK  |e rda 
041 1 |a slo  |h eng 
044 |a xo  |c SK 
072 7 |a 821-93  |x Literatúra pre deti a mládež (beletria)  |2 konspekt 
080 |a 821-93  |2 2011 
080 |a 551.59  |2 2011 
080 |a (0.025.2)  |2 2011 
100 1 |a Daynes, Katie  |4 aut  |9 149881 
240 1 0 |a What are clouds?  |l Slovensky 
245 1 0 |a Čo sú oblaky?  |b úplne prvé otázky a odpovede  |c Katie Daynes ; ilustrovala Marta Álvarez Miguéns ; preklad a redakcia Martina Gendová 
250 |a Prvé slovenské vydanie 
264 1 |a Bratislava  |b Svojtka & Co., s.r.o.  |c 2022 
300 |a 12 nečíslovaných strán  |b farebné ilustrácie  |c 20 cm 
336 |a text  |b txt  |2 rdacontent 
336 |a statický obraz  |b sti  |2 rdacontent 
337 |a bez média  |b n  |2 rdamedia 
338 |a zväzok  |b nc  |2 rdacarrier 
490 1 |a Kuk pod okienko 
500 |a Kartónové listy s odklápacími okienkami 
500 |a Preložené z angličtiny 
650 0 7 |a meteorologické javy  |2 SNKPH  |9 73608 
650 0 7 |a Meteorological phenomena  |2 SNKPHeng  |9 466382 
655 7 |a leporelá  |2 SNKPH  |9 60414 
655 7 |a publikácie pre deti  |2 SNKPH  |9 70148 
655 7 |a Picture books for children  |2 SNKPHeng  |9 277438 
655 7 |a Publications for children  |2 SNKPHeng  |9 276792 
700 1 |a Álvarez, Marta,  |d 1976-  |4 ill  |9 365173 
700 1 |a Gendová, Martina  |4 trl  |4 red  |9 224445 
830 0 |a Kuk pod okienko  |9 365174 
919 |a 978-80-567-1076-0 
954 |a ilustrované knihy, leporelá, komiksy cudzojazyčné (svetové)  |2 lita 
958 |a DB 
968 |b ENG 
999 |c 730613  |d 732543 
952 |a SNK  |b SNK  |y PREZ  |7 0  |p 17A1529273  |o snkOSD 10907  |i snk2023/7834  |8 0  |0 0  |1 0  |4 0  |d 2023-05-17  |l 0  |r 2026-02-23 22:27:41  |w 2026-02-23 
952 |a SNK  |b SNK  |y PREZ  |7 0  |p 17A1529274  |o snkOSD 10907 D1  |i snk2023/7835  |8 0  |0 0  |1 0  |4 0  |d 2023-05-17  |l 0  |r 2026-02-23 22:27:41  |w 2026-02-23